Nhiệm vụ của chánh thẩm tòa hình
Sách gồm 4 thiên giới thiệu những nguyên tắc chính về tổ chức tư pháp hình sự và về hình luật, việc sửa soạn phiên xử, công việc xét xử và một vài vấn đề đặc biệt trước tòa hình....
Αποθηκεύτηκε σε:
| Κύριος συγγραφέας: | |
|---|---|
| Μορφή: | Βιβλίο |
| Γλώσσα: | Undetermined |
| Έκδοση: |
Sài Gòn
1973
|
| Θέματα: | |
| Ετικέτες: |
Προσθήκη ετικέτας
Δεν υπάρχουν, Καταχωρήστε ετικέτα πρώτοι!
|
| Thư viện lưu trữ: | Trung tâm Học liệu Trường Đại học Cần Thơ |
|---|
| LEADER | 00903nam a2200193Ia 4500 | ||
|---|---|---|---|
| 001 | CTU_204595 | ||
| 008 | 210402s9999 xx 000 0 und d | ||
| 082 | |a 347.597014 | ||
| 082 | |b L561 | ||
| 100 | |a Nguyễn, Văn Lượng | ||
| 245 | 0 | |a Nhiệm vụ của chánh thẩm tòa hình | |
| 245 | 0 | |c Nguyễn Văn Lượng, Lê Tài Triển, Trần Thúc Linh | |
| 260 | |a Sài Gòn | ||
| 260 | |c 1973 | ||
| 520 | |a Sách gồm 4 thiên giới thiệu những nguyên tắc chính về tổ chức tư pháp hình sự và về hình luật, việc sửa soạn phiên xử, công việc xét xử và một vài vấn đề đặc biệt trước tòa hình. | ||
| 650 | |a Judges,Thẩm phán | ||
| 650 | |z Vietnam,Việt Nam | ||
| 904 | |i Hải | ||
| 980 | |a Trung tâm Học liệu Trường Đại học Cần Thơ | ||